000 00334nam a2200145Ia 4500
003 OSt
005 20240304155955.0
008 170523s9999 xx 000 0 und d
020 _a978-8125914426
040 _cIIMTU
100 _aSINGH- SUKHPAL
245 0 _aRURAL MARKETING MANAGEMENT
260 _bVikas Publication
942 _2ddc
_c02
999 _c913
_d913